| 000 | 00610 a2200169 4500 | ||
|---|---|---|---|
| 003 | Nust | ||
| 005 | 20220811121631.0 | ||
| 020 | _a8127224367 | ||
| 040 | _cNust | ||
| 082 | _a005.1,SIN | ||
| 100 |
_asingh,gurvinder _994532 |
||
| 245 |
_aFundamentals of Computer programming and information technology / _cGurvinder Singh and Rachhpal singh ,KK Saluja |
||
| 260 |
_aNew Delhi _bkalyani publishers _c2003 |
||
| 300 | _a590p | ||
| 505 | _aComputer Basics (Page-1), Introduction to MS-DOS (Page-101), MS-Windows (Page-153), MS-Word (Page-235), Information Technology (Page-325). | ||
| 942 |
_2ddc _cBK _k005.1,SIN |
||
| 999 |
_c176945 _d176945 |
||